ბათუმის შოთა რუსთაველის სახელმწიფო უნივერსიტეტის ბიბლიოთეკა

Neue deutsche Literaturgeschichte : (ბიბ.ჩანაწერი № 58906)

000 -LEADER
fixed length control field 00756nam a22002057a 4500
005 - DATE AND TIME OF LATEST TRANSACTION
control field 20221018091407.0
008 - FIXED-LENGTH DATA ELEMENTS--GENERAL INFORMATION
fixed length control field 221017s2011ge xxu||||| |||| 00| 0 ger d
020 ## - INTERNATIONAL STANDARD BOOK NUMBER
International Standard Book Number 9783484108974
041 ## - LANGUAGE CODE
Language code of text/sound track or separate title ger
080 ## - UNIVERSAL DECIMAL CLASSIFICATION NUMBER
Universal Decimal Classification number 821.112.2 B-85
100 ## - MAIN ENTRY--PERSONAL NAME
Personal name Brenner, Peter J.
9 (RLIN) 15347
245 ## - TITLE STATEMENT
Title Neue deutsche Literaturgeschichte :
Remainder of title Neue deutsche Literaturgeschichte : 3. uberarb. und erw. Auflage /
Statement of responsibility, etc. Peter J. Brenner.
264 ## - PRODUCTION, PUBLICATION, DISTRIBUTION, MANUFACTURE, AND COPYRIGHT NOTICE
Place of production, publication, distribution, manufacture Tübingen :
Name of producer, publisher, distributor, manufacturer Niemeyer
Date of production, publication, distribution, manufacture, or copyright notice 2011.
300 ## - PHYSICAL DESCRIPTION
Extent 439 p.:
Other physical details 22 cm.
440 ## - SERIES STATEMENT/ADDED ENTRY--TITLE
Title Studium
9 (RLIN) 15348
653 ## - INDEX TERM--UNCONTROLLED
keyword Neue deutsche Literaturgeschichte
653 ## - INDEX TERM--UNCONTROLLED
keyword ახალი გერმანული ლიტერატურის ისტორია
653 ## - INDEX TERM--UNCONTROLLED
keyword немецкая литература
942 ## - ADDED ENTRY ELEMENTS (KOHA)
Source of classification or shelving scheme
Koha item type წიგნი
ეგზემპლარები
Withdrawn status Lost status Source of classification or shelving scheme Damaged status Not for loan Permanent Location Current Location Shelving location Date acquired Cost, normal purchase price Full call number Barcode Date last seen Copy number Price effective from Koha item type Public note
          ბათუმის შოთა რუსთაველის სახელმწიფო უნივერსიტეტის მთავარი ბიბლიოთეკა ბათუმის შოთა რუსთაველის სახელმწიფო უნივერსიტეტის მთავარი ბიბლიოთეკა წიგნსაცავი 2022-10-17 20.00 821.112.2 B-85 63082 2022-10-17 63082 2022-10-17 წიგნი 20ლ.99თ.